000 00968nam a22003257a 4500
003 CHAP
005 20220329134825.0
008 971013s1941 r 00010 d
010 _a26519
011 _a27491
035 _a31592
040 _cCHAP
082 _a632.7
_bI8
100 0 0 _aIsely, Dwight.
_960551
245 _aMethodos of insect control
250 _a2 ed.
260 _aMinneapolis :
_bBurguess,
_c1941
300 _a2 v
500 _av.2, ed. 1942
590 _aBATCH-UPD
_b10
_c20130109
_lUCH01
_h2341
590 _aBATCH-UPD
_b10
_c20130110
_lUCH01
_h2140
590 _aBATCH-UPD
_b10
_c20130409
_lUCH01
_h1910
590 _aBATCH-UPD
_b10
_c20130914
_lUCH01
_h1311
590 _aCONVERSION
_b10
_c20130109
_lUCH01
_h1315
650 1 4 _aEntomología económica.
_937145
901 _aBK
942 _cLIBRO
949 _a632.7 I8
_bBC
_cLIBRO
_d-73085
_eLIBRO
_fv.1
_h23101
_i31592
_si
949 _a632.7 I8
_bBC
_cLIBRO
_d-73087
_eLIBRO
_fv.2
_h23102
_i31592
_si
999 _c26519
_d26519